Anuario de los Escolapios

Enregistré dans:
Détails bibliographiques
Auteur principal: Boffano, Julio César (Auteur)
Format: Livre
Langue:espagnol
anglais
français
polonais
Publié: Roma Congregación General de la Orden de las Escuelas Pías 2009
Édition:1a. ed
Sujets:
Tags: Ajouter un tag
Pas de tags, Soyez le premier à ajouter un tag!

MARC

LEADER 00000nam a2200000 a 4500
001 UCH3468
003 CL-VaPUC
008 090730e20090100IT |||||||||||||||||spa|d
041 0 7 |a spa  |2 CL-VaPUC 
041 0 7 |a eng  |2 CL-VaPUC 
041 0 7 |a fre  |2 CL-VaPUC 
041 0 7 |a pol  |2 CL-VaPUC 
082 0 4 |a 371.071  |b BOF  |2 21 
100 0 |a Boffano, Julio César  |e author  |9 538815 
245 1 0 |a Anuario de los Escolapios 
250 |a 1a. ed 
300 |a 168 p 
942 |c BK 
945 |d 20090730 00:00:00  |a dcastane 
260 |a Roma  |b Congregación General de la Orden de las Escuelas Pías  |c 2009 
650 7 |a ESCUELAS CATOLICAS  |2 CL-VaPUC  |9 308042 
650 7 |a DOCTRINA CRISTIANA  |2 CL-VaPUC  |9 339115 
650 0 |a Educación Católica   |9 308272 
583 |a last modification  |c 20090730 00:00:00  |k Rodrigo Vera 
999 |c 335007  |d 335005 
952 |0 0  |1 0  |4 0  |6 371_071000000000000_BOF_2009  |7 0  |8 A  |9 424477  |a BIBTEO  |b BIBTEO  |d 2019-11-22  |i 457916K  |o 371.071 BOF 2009  |p 457916K  |r 2025-01-17  |w 2019-11-22  |y BK  |k ICR